Best Universities of Latin America by Country/Territory Quiz Stats

 Plays Quiz not verified by Sporcle

Challenge
Share
Tweet
Embed
Score 0/89 Timer 20:00
0 Plays Today
% Correct
Argentina
75%
Colombia
75%
Argentina
62.5%
Argentina
62.5%
Argentina
62.5%
Argentina
62.5%
Argentina
62.5%
Brazil
62.5%
Brazil
62.5%
Brazil
62.5%
Brazil
62.5%
Brazil
62.5%
Brazil
62.5%
Brazil
62.5%
Brazil
62.5%
Brazil
62.5%
Brazil
62.5%
Brazil
62.5%
Brazil
62.5%
Brazil
62.5%
Brazil
62.5%
Brazil
62.5%
Brazil
62.5%
Brazil
62.5%
Brazil
62.5%
Brazil
62.5%
Brazil
62.5%
Brazil
62.5%
Chile
62.5%
Chile
62.5%
% Correct
Chile
62.5%
Chile
62.5%
Chile
62.5%
Colombia
62.5%
Colombia
62.5%
Colombia
62.5%
Cuba
62.5%
Ecuador
62.5%
Mexico
62.5%
Mexico
62.5%
Mexico
62.5%
Mexico
62.5%
Mexico
62.5%
Peru
62.5%
Uruguay
62.5%
Venezuela
62.5%
Venezuela
62.5%
Venezuela
62.5%
Argentina
50%
Argentina
50%
Argentina
50%
Argentina
50%
Argentina
50%
Argentina
50%
Brazil
50%
Chile
50%
Chile
50%
Chile
50%
Colombia
50%
Costa Rica
50%
% Correct
Costa Rica
50%
Mexico
50%
Mexico
50%
Mexico
50%
Mexico
50%
Puerto Rico
50%
Chile
37.5%
Chile
37.5%
Chile
37.5%
Colombia
37.5%
Colombia
37.5%
Ecuador
37.5%
Mexico
37.5%
Mexico
37.5%
Mexico
37.5%
Mexico
37.5%
Peru
37.5%
Uruguay
37.5%
Argentina
25%
Argentina
25%
Argentina
25%
Argentina
25%
Colombia
25%
Colombia
25%
Colombia
25%
Mexico
25%
Peru
25%
Venezuela
25%
Venezuela
25%

You're not logged in!

Compare scores with friends on all Sporcle quizzes.
Join for Free
OR
Log In

You Might Also Like...

Show Comments

Extras

Top Quizzes Today


Score Distribution

Your Account Isn't Verified!

In order to create a playlist on Sporcle, you need to verify the email address you used during registration. Go to your Sporcle Settings to finish the process.

Report this User

Report this user for behavior that violates our Community Guidelines.

Details: